| 000 | 00785nam a2200217 a 4500 | ||
|---|---|---|---|
| 001 | 39851 | ||
| 003 | BD-RjUL | ||
| 005 | 20211209053055.0 | ||
| 008 | 160419s1993 xxu|||| |||| 00| 0 ben d | ||
| 020 | _c: IRs. 140.00 | ||
| 035 | _a(BD-RjUL)39965 | ||
| 040 |
_aBD-RjUL _bben _cBD-RjUL |
||
| 041 | _aben | ||
| 082 |
_223 _a294 _bMON 1993 |
||
| 245 |
_aমনুসংহিতা / _cযুক্ত পঞ্চানন তর্করত্ন সম্পাদিত |
||
| 260 |
_aকলিকাতা : _bসংস্কৃত, _c১৯৯৩ |
||
| 300 |
_a[৪] ৩৫৫ পৃ. ; _c২৫ সেমি. |
||
| 650 |
_aIndic Religion _9122777 |
||
| 700 |
_aতর্করত্ন, যুক্ত পঞ্চানন সম্পাদিত _9122778 |
||
| 942 |
_2ddc _cBK _02 |
||
| 999 |
_c39851 _d39851 |
||